McLibel (Record no. 335058)
[ view plain ]
| 000 -LEADER | |
|---|---|
| fixed length control field | 00485nam a2200097Ia 4500 |
| 008 - FIXED-LENGTH DATA ELEMENTS--GENERAL INFORMATION | |
| fixed length control field | 170517s9999 xx 000 0 und d |
| 245 ## - TITLE STATEMENT | |
| Title | McLibel |
| 300 ## - PHYSICAL DESCRIPTION | |
| Extent | McLibel is the story of two ordinary people who humiliated McDonald's in the biggest corporate PR disaster in history. McDonald's loved using the UK libel laws to suppress criticism. Major media organizations like the BBC and The Guardian crumbled... |
| 650 ## - SUBJECT ADDED ENTRY--TOPICAL TERM | |
| General subdivision | Technology. |
| 856 ## - ELECTRONIC LOCATION AND ACCESS | |
| Uniform Resource Identifier | <a href="http://topdocumentaryfilms.com/mclibel/">http://topdocumentaryfilms.com/mclibel/</a> |
| Withdrawn status | Lost status | Damaged status | Home library | Current library | Date acquired | Total Checkouts | Date last seen | Price effective from | Koha item type |
|---|---|---|---|---|---|---|---|---|---|
| College Library | College Library | 05/17/2017 | 05/17/2017 | 05/17/2017 | Documentary Films |